000 00727nam a2200193 a 4500
001 000034281
005 20200930073622.0
008 110929s2011 pr 000 0 spa d
020 _a9780975973158
040 _aDO-SdBNP
_bspa
_cBNPHU
100 1 _aFabián Maldonado, Ana M.
_959708
245 1 3 _aEl impacto del diagnóstico de cáncer de seno en la mujer puertorriqueña /
_cAna M. Fabián Maldonado.
260 _aPuerto Rico :
_bInstituto de Estado del Caribe,
_c2011.
300 _a212 p. :
_bil ;
_c23 cm.
500 _aIncluye referencias bibliográficas y notas al pie de las páginas
500 _aIncluye datos biográficos del autor en la contracubierta
504 _aBibliográfía : p. 209 -212
049 _aBNPD
999 _c33772
_d33772